Система элитного технического образования Томского политехнического университета; IX Всесибирский инновационный форум, 11-13 октября 2006 г., Томск

Bibliographische Detailangaben
Parent link:IX Всесибирский инновационный форум, 11-13 октября 2006 г., Томск.— 2007.— С. 217-220
1. Verfasser: Чучалин А. И. Александр Иванович
Weitere Verfasser: Крючков Ю. Ю. Юрий Юрьевич
Sprache:Russisch
Veröffentlicht: 2007
Schlagworte:
Format: MixedMaterials Buchkapitel
KOHA link:https://koha.lib.tpu.ru/cgi-bin/koha/opac-detail.pl?biblionumber=143601

MARC

LEADER 00000naa2a2200000 4500
001 143601
005 20240123125451.0
035 |a (RuTPU)RU\TPU\book\155622 
090 |a 143601 
100 |a 20080922d2007 k y0rusy50 ca 
101 0 |a rus 
102 |a RU 
200 1 |a Система элитного технического образования Томского политехнического университета  |f А. И. Чучалин, Ю. Ю. Крючков 
463 0 |0 (RuTPU)RU\TPU\book\141067  |y 978-5-88942-067-5  |t IX Всесибирский инновационный форум, 11-13 октября 2006 г., Томск  |f Научно-методический центр по инновационной деятельности высшей школы Минобразования России при Тверском государственном университете ; Всесибирский инновационный форум  |v С. 217-220  |d 2007  |p 434 с. 
610 1 |a оборазование 
610 1 |a высшее образование 
610 1 |a технические вузы 
610 1 |a элитное образование 
610 1 |a специалисты 
610 1 |a инженеры 
610 1 |a студенты 
610 1 |a элитное техническое образование 
610 1 |a Томский политехнический университет 
610 1 |a труды учёных ТПУ 
610 1 |a подготовка 
700 1 |a Чучалин  |b А. И.  |c профессор Томского политехнического университета, доктор технических наук  |c проректор по образовательной и международной деятельности  |f 1952-  |g Александр Иванович  |3 (RuTPU)RU\TPU\pers\22021 
701 1 |a Крючков  |b Ю. Ю.  |c физик  |c профессор Томского политехнического университета, доктор физико-математических наук  |f 1945-  |g Юрий Юрьевич  |3 (RuTPU)RU\TPU\pers\25821  |4 070  |9 11694 
801 1 |a RU  |b 63413507  |c 20080922  |g PSBO 
801 2 |a RU  |b 63413507  |c 20211125  |g RCR 
942 |c BK